000 01697nam2a2200301 i 4500
001 RU\NLR\BIBL_A\011530995
005 20240729124131.0
010 _a9785990929968
_9500
021 _aRU
_b2017-81674
_95827
035 _a(RuMoRGB)009433677
035 _a(NLR Aleph) 011530995
090 _a12145758
_c12145758
100 _a20171121d2016 k y0rusy50 ca
101 0 _arus
_deng
102 _aRU
105 _aa|||z|||000zy
200 1 _aПринципы. Методология. Образование
210 _d2016
215 _a179 с.
_cил.
300 _aРез. англ.
320 _aБиблиогр.: с. 171-178 (133 назв.) и в подстроч. примеч.
461 0 _1001RU\NLR\BIBL_A\011541267
_12001#$aСинергетика и теория сложности: междисциплинарный подход$e[монография]$fБуданов В.Г.$gУчреждение Российской академии наук, Институт философии РАН$vЧ. 1
_1700#1$aБуданов$bВ. Г.$gВладимир Григорьевич$f1955-$cд-р филос. наук, канд. физ.-мат. наук$3RU\NLR\AUTH\7751222
_912196503
_aБуданов, В. Г. (д-р филос. наук, канд. физ.-мат. наук ; 1955-)
_cМосква
_d2016
_fБуданов В.Г.
_nУниверситетская книга
_o[монография]
_tСинергетика и теория сложности: междисциплинарный подход
_vЧ. 1
517 1 _aМетодология. Образование
517 1 _aОбразование
942 _cBOOK
980 _aNBR